000 00656nam a2200229 i 4500
001 C2-0301268
003 PPAK
005 20180728082611.0
008 091207s2010 my a|||| ||||| | may d
020 _a9789673399178
040 _aPPAK
_beng
_cPPAK
_erda
082 0 4 _a499.2331
_223
090 0 0 _a499.2331
_bLON
_dRK
245 0 0 _aLongman kamus kata banyak makna
264 1 _aPetaling Jaya, Selangor :
_bPearson Malaysia ,
_c2010
300 _axiv, 321 pages :
_billustrations ;
_c21 cm
336 _2rdacontent
_atext
337 _2rdamedia
_aunmediated
338 _2rdacarrier
_avolume
650 1 0 _aMalay language - Sentences
942 _ddc
_cB
999 _c105062
_d105062